[Event "TUR-ch U20"]
[Site "Samsun"]
[Date "2023.05.24"]
[Round "8"]
[White "Aydogdu, Cagatay"]
[Black "Tonoglu, Engin Erdem"]
[Result "1/2-1/2"]
[WhiteElo "1856"]
[BlackElo "1404"]
[PlyCount "74"]
[EventDate "2023.05.19"]
[EventType "swiss"]
[EventRounds "9"]
[EventCountry "TUR"]
[SourceTitle "CBM 214 Extra"]
[Source "ChessBase"]
[SourceDate "2023.07.31"]
[SourceVersion "1"]
[SourceVersionDate "2023.07.31"]
[SourceQuality "1"]

1. e4 c5 2. Nf3 Nc6 3. c4 e5 4. Nc3 g6 5. d3 Bg7 6. Bg5 f6 7. Be3 d6 8. Qd2 Be6 9. a3 Nge7 10. Nd5 Bxd5 11. cxd5 Nd4 12. Nxd4 cxd4 13. Bh6 0-0 14. Bxg7 Kxg7 15. h4 h6 16. f4 f5 17. fxe5 dxe5 18. Be2 Rc8 19. 0-0 Qd6 20. h5 g5 21. Rf2 Rc7 22. Raf1 Rfc8 23. Bd1 b6 24. Bb3 a5 25. exf5 Kf6 26. Re2 Nxd5 27. Bxd5 Qxd5 28. Rfe1 Re7 29. Rc1 Rec7 30. Ree1 Rxc1 31. Rxc1 Rxc1+ 32. Qxc1 Qc5 33. Qxc5 bxc5 34. g4 e4 35. dxe4 c4 36. Kf2 a4 37. Ke2 d3+ 1/2-1/2

[Event "TUR-ch U20"]
[Site "Samsun"]
[Date "2023.05.22"]
[Round "6"]
[White "Yildiz, Elif Zeren"]
[Black "Tonoglu, Engin Erdem"]
[Result "1-0"]
[WhiteElo "1722"]
[BlackElo "1404"]
[PlyCount "87"]
[EventDate "2023.05.19"]
[EventType "swiss"]
[EventRounds "9"]
[EventCountry "TUR"]
[SourceTitle "CBM 214 Extra"]
[Source "ChessBase"]
[SourceDate "2023.07.31"]
[SourceVersion "1"]
[SourceVersionDate "2023.07.31"]
[SourceQuality "1"]

1. e4 e5 2. Nf3 Nc6 3. Bc4 Bc5 4. 0-0 d6 5. c3 Bg4 6. b4 Bb6 7. a4 a6 8. d3 Qf6 9. Bg5 Qg6 10. Nbd2 h6 11. Be3 Bxe3 12. fxe3 Nf6 13. Qe1 h5 14. Qh4 Nh7 15. Rae1 Be6 16. d4 Bxc4 17. Nxc4 f6 18. Ncd2 Qg4 19. Qf2 g5 20. Kh1 Qd7 21. Qe2 Ne7 22. dxe5 dxe5 23. Nxe5 fxe5 24. Qxh5+ Kd8 25. Nc4 Qe8 26. Rd1+ Kc8 27. Qg4+ Kb8 28. Nxe5 Ng6 29. Nd7+ Ka7 30. Qf5 Rc8 31. b5 Nhf8 32. Nf6 Qe5 33. Ng4 Qe6 34. bxa6 b6 35. a5 Nh4 36. axb6+ cxb6 37. Qxg5 Rg8 38. Qxh4 Rxg4 39. Qh5 Qxe4 40. Qf7+ Kxa6 41. Qa2+ Kb7 42. Rd4 Qg6 43. Rf7+ Rc7 44. Rxf8 1-0

[Event "TUR-ch U20"]
[Site "Samsun"]
[Date "2023.05.20"]
[Round "3"]
[White "Tonoglu, Engin Erdem"]
[Black "Ozgun, Yigit Deniz"]
[Result "1/2-1/2"]
[WhiteElo "1404"]
[BlackElo "1747"]
[PlyCount "159"]
[EventDate "2023.05.19"]
[EventType "swiss"]
[EventRounds "9"]
[EventCountry "TUR"]
[SourceTitle "CBM 214 Extra"]
[Source "ChessBase"]
[SourceDate "2023.07.31"]
[SourceVersion "1"]
[SourceVersionDate "2023.07.31"]
[SourceQuality "1"]

1. c4 Nf6 2. Nc3 c5 3. Nf3 Nc6 4. e3 g6 5. d4 cxd4 6. Nxd4 Bg7 7. Be2 0-0 8. 0-0 d5 9. cxd5 Nxd5 10. Nxc6 bxc6 11. Bd2 Rb8 12. e4 Nxc3 13. Bxc3 Bxc3 14. bxc3 Qa5 15. Bc4 Qxc3 16. Rc1 Qa5 17. Qe2 Rb6 18. Rc2 Ba6 19. Rfc1 Bxc4 20. Qxc4 Rd8 21. g3 Rd6 22. Kg2 Qa6 23. a3 Qa5 24. Qc5 Qxc5 25. Rxc5 Rd3 26. a4 Rd4 27. a5 Ra6 28. Rxc6 Rxa5 29. R6c4 Rxc4 30. Rxc4 Ra2 31. Rc7 Kf8 32. g4 g5 33. Rc5 h6 34. h3 a5 35. Kf3 a4 36. Ra5 Kg7 37. e5 a3 38. Kg2 Ra1 39. Kh2 e6 40. Kg2 Kg6 41. Ra6 Kg7 42. Ra8 Ra2 43. Kf3 Ra1 44. Kg2 Re1 45. Rxa3 Rxe5 46. Kg3 Re1 47. Ra7 Rc1 48. Ra3 Kg6 49. Rb3 Rc4 50. Ra3 h5 51. Rb3 f5 52. gxf5+ Kxf5 53. Rb8 Rc3+ 54. Kg2 Rc5 55. Rh8 h4 56. Rf8+ Ke4 57. Rg8 Rf5 58. Ra8 e5 59. Ra4+ Kd5 60. Ra5+ Ke6 61. Ra6+ Kf7 62. Ra7+ Kg6 63. Ra6+ Rf6 64. Ra4 Kf5 65. Ra8 g4 66. Rh8 gxh3+ 67. Kxh3 Kf4 68. Kxh4 e4 69. Rh7 Rf8 70. Rh6 Kf3 71. Re6 Rf5 72. Re7 Rf4+ 73. Kg5 Rg4+ 74. Kf5 Rg8 75. Ke5 Rg5+ 76. Kd4 Rg4 77. Kd5 Rf4 78. Re8 Rf7 79. Ke5 Kxf2 80. Kxe4 1/2-1/2